Gaming Quiz

Random Gaming or Disney Quiz
Score 0/39 Timer 15:00
0 Plays Today
Room % Correct
Town
72.2%
Beach
61.1%
Beacon
61.1%
Cove
55.6%
Dock
55.6%
Lighthouse
55.6%
Pet Shop
55.6%
Pizza Parlor
55.6%
Dance Club
50%
Iceberg
50%
Mine
50%
Plaza
50%
Snow Forts
50%
Boiler Room
44.4%
Dojo
44.4%
Everyday Phoning Facility
44.4%
Forest
44.4%
Pool
44.4%
Stage
44.4%
Ski Lodge
38.9%
Room % Correct
Book Room
33.3%
Stadium
33.3%
Ski Village
33.3%
Ice Rink
27.8%
Mountain
27.8%
Dojo Courtyard
22.2%
EPF Command Room
22.2%
Lodge Attic
22.2%
Snow Dojo
22.2%
Fire Dojo
22.2%
School
22.2%
Water Dojo
22.2%
Clothes Shop
16.7%
Dance Lounge
16.7%
Hidden Lake
16.7%
Mine Shack
16.7%
Skatepark
16.7%
Underwater
16.7%
Mine Cave
5.6%
Remove Ads.
Support Sporcle.
Get the best of Sporcle when you Go Orange. This ad-free experience offers more features, more stats, and more fun while also helping to support Sporcle. Thank you for becoming a member.

You're not logged in!

Compare scores with friends on all Sporcle quizzes.
OR
Log In

Show Comments

Extras

Created Jan 21, 2015ReportNominate
Tags:Disney Quiz, Club Penguin

Top Quizzes Today


Score Distribution

Your Account Isn't Verified!

In order to create a playlist on Sporcle, you need to verify the email address you used during registration. Go to your Sporcle Settings to finish the process.

Report this User

Report this user for behavior that violates our Community Guidelines.

Details: